Statistics for Guyana First Level Subdivisions

Click here to take the quiz!

General Stats

  • This quiz has been taken 97 times
  • The average score is 7 of 10

Answer Stats

Regions% Correct
Demerara-Mahaica
85%
Mahaica-Berbice
85%
Upper Demerara-Berbice
79%
East Berbice-Corentyne
70%
Barima-Waini
64%
Pomeroon-Supenaam
64%
Upper Takutu-Upper Essequibo
64%
Potaro-Siparuni
61%
Cuyuni-Mazaruni
58%
Essequibo Islands-West Demerara
58%

Score Distribution

Percentile by Number Answered

Percent of People with Each Score

Your Score History

You have not taken this quiz